000 00842nam a2200241 a 4500
001 1049
003 CO-ViMGA
008 141112s2004 ck r 000 u spa d
020 _a8432994014
040 _aCO-ViMGA
_bspa
_cCO-ViMGA
082 0 4 _a370.7322 B467
100 1 _aGarcia Manzano Emilia
_949078
245 1 0 _aBiología, psicología y sociología del niño en edad preescolar /
_cGarcía Manzano Emilia y otros
250 _a7.
260 _aBarcelona :
_bCeac,
_c1987
300 _a187 p
490 _aEducación y enseñanza
505 _aBiologia de preescolar. La vida psiquica del parvulo. La vida afectiva del parvulo. La vida social del parvulo. Relaciones familia - centro.
650 1 4 _aBIOLOGIA INFANTIL
_949079
650 1 4 _aeducación PREESCOLAR
_94994
650 1 4 _aGarcía Manzano, Emilia
_949080
942 _2ddc
_cBK
999 _c13273
_d13273